Entry Personal Name
Number of records used in: 1
001 - CONTROL NUMBER
003 - CONTROL NUMBER IDENTIFIER
005 - DATE AND TIME OF LATEST TRANSACTION
- control field:
20210720113607.0
008 - FIXED-LENGTH DATA ELEMENTS
- fixed length control field:
130617n| azannaabn |n aaa
010 ## - LIBRARY OF CONGRESS CONTROL NUMBER
- LC control number:
n 2013183838
035 ## - SYSTEM CONTROL NUMBER
- System control number:
(DNLM)1569630
040 ## - CATALOGING SOURCE
- Original cataloging agency:
DNLM
- Language of cataloging:
eng
- Description conventions:
rda
- Transcribing agency:
DNLM
100 1# - HEADING--PERSONAL NAME
- Personal name:
Punt, Jenni
670 ## - SOURCE DATA FOUND
- Source citation:
Kuby immunology, c2013:
- Information found:
t.p. (Jenni Punt, Haverford College) about the authors (teaches cell biology and immunology and performs research in T cell development and hematopoiesis)